00782nam a2200241 a 4500001001300000003000900013005001700022008004100039020002600080082001500106100002300121245006400144260004900208300000900257500003500266505003700301650002100338700002300359902000800382942000700390952012800397999001500525nice12345678IN_TiNIC20260116013116.0050524s1988 pria grp 000 0 eng  a069181X c465.9800a181.4bBON aBondudrant, Joan V aConquest of Violenceb the Gandhian Philosophy of Conflict. aPrincetonbPrinceton University Press c1988 a281p aincludes index and biblioraphy2 aBibliography/ Glossary and Index aPhilosophy-Hindu1 aBondudrant, Joan V bSRS cBK 001040708StackRoom-aHMIbHMId2009-09-25g465.98l1o181.4 BONp019930r2019-10-17s2019-10-09v465.98w2005-05-24yBK c9684d9684